Normal view MARC view
  • Kenny, Courtney Stanhope,

Entry Personal Name

Number of records used in: 1

001 - CONTROL NUMBER

  • control field: 40460

003 - CONTROL NUMBER IDENTIFIER

  • control field: OSt

005 - DATE AND TIME OF LATEST TRANSACTION

  • control field: 20160726135224.0

008 - FIXED-LENGTH DATA ELEMENTS

  • fixed length control field: 160726|| aca||aabn | a|a d

040 ## - CATALOGING SOURCE

  • Original cataloging agency: OSt

100 1# - HEADING--PERSONAL NAME

  • Personal name: Kenny, Courtney Stanhope,
  • Dates associated with a name: 1847-1930

400 ## - SEE FROM TRACING--PERSONAL NAME

  • Personal name: Kenny, C. S. |q (Courtney Stanhope),
  • Dates associated with a name: 1847-1930